000 00482nam a2200169Ia 4500
008 230917s9999||||xx |||||||||||||| ||und||
020 _cUSD39.95
040 _e231861
_aMAIN
041 _aEnglish
082 _a394.120954 S51O
100 _aSmith, Andrew F, ed.
245 0 _aOxford companion to American food and drink
260 _aOxford
_bOxford University Press
_c2007
300 _axxv, 692 p.
500 _a2282 10/02/2016 HBD15/1744 14/03/2016 Main Budget
942 _cBK
999 _c18185
_d18185